00818nam a2200253 i 450000100060000000300090000600500170001500700030003200800410003502000180007604000220009408000110011610000350012724501250016226000320028730000210031949000360034050400300037665000290040670000280043570000320046383000360049585200330053147882ES-MaACL20250830063047.0t|030625s2002 sp ||||0| spa j a84-8164-483-8 aM-BN bspa cM-BN a37.0341 aDurkheim, Émile, d1858-191713aLa educación moral / cEmile Durkheim ; edición y traducción de José Taberner Guasp y Antonio Bolívar Botía. aMadrid : bTrotta, c[2002] a292 p ; c23 cm.1 aClásicos de la cultura ; v19 aBibliografía: p. 52-60.17aEducación moral2embne1 aTaberner Guasp, José.1 aBolívar Botía, Antonio.0 aClásicos de la cultura ; v19 aES-MaACLjL-26429 bR.132251